Capitalismo y población /
El documento presenta un estudio del papel de la población dentro de la economía, desarrollando de esta manera una crítica a la demografía política, así como esclareciendo las leyes de la población en el modo producción capitalista.
Uloženo v:
| Hlavní autor: | |
|---|---|
| Médium: | Text |
| Jazyk: | Spanish |
| Vydáno: |
San Pedro:
EDUCA
1982
|
| Témata: | |
| Tagy: |
Přidat tag
Žádné tagy, Buďte první, kdo vytvoří štítek k tomuto záznamu!
|
MARC
| LEADER | 00000 a a2200000 04500 | ||
|---|---|---|---|
| 001 | 24932 | ||
| 003 | cru CIDCACS/IIS | ||
| 005 | 20230605093256.0 | ||
| 008 | 230605e1982 cr ||||| |||| 00| 0 spa d | ||
| 020 | |a 84-8360-209-1 | ||
| 022 | |a 84-8360-209-1 | ||
| 040 | |c CRAI/IIS | ||
| 090 | |a 03.03.01 D563c | ||
| 100 | |a Dierckxsens, Wim | ||
| 245 | |a Capitalismo y población / |c Wim Dierckxsens | ||
| 260 | |a San Pedro: |b EDUCA |c 1982 | ||
| 300 | |a 293 páginas | ||
| 500 | |a PUB.IIS | ||
| 520 | |a El documento presenta un estudio del papel de la población dentro de la economía, desarrollando de esta manera una crítica a la demografía política, así como esclareciendo las leyes de la población en el modo producción capitalista. | ||
| 650 | |a CAPITALISMO | ||
| 650 | |a POBLACION | ||
| 650 | |a ECONOMIA | ||
| 650 | |a MERCADO DEL TRABAJO | ||
| 650 | |a DEMOGRAFIA | ||
| 650 | |a FACTORES DE PRODUCCION | ||
| 942 | |2 ddc |c LI |h 03.03.01 D563c |i 04716 |6 030301_D563C_04716 | ||
| 999 | |c 432 |d 432 | ||



